Countries Closest to Curaçao - Statistics

General Stats
  • This quiz has been taken 1,059 times
  • The average score is 17 of 20
Answer Stats
km country miles % Correct
65 Venezuela 41
95%
214 Colombia 133
93%
1014 Cuba 630
91%
629 Dominican Republic 391
90%
687 Haiti 427
90%
872 Dominica 542
89%
985 Panama 612
89%
854 St Lucia 530
89%
820 St Vincent and the Grenadines 510
89%
776 Trinidad and Tobago 482
89%
1036 Guyana 644
88%
974 Jamaica 605
88%
865 St Kitts and Nevis 537
88%
996 Barbados 619
87%
755 Grenada 469
87%
923 Antigua and Barbuda 573
83%
1045 Bahamas 649
82%
967 Brazil 601
82%
77 Aruba 48
78%
897 Sint Maarten 557
50%
No matching quizzes found
Score Distribution
Percent of People with Each Score
Percentile by Number Answered
Your Score History
You have not taken this quiz